<?xml version="1.0" encoding="UTF-8"?>
<record
    xmlns:xsi="http://www.w3.org/2001/XMLSchema-instance"
    xsi:schemaLocation="http://www.loc.gov/MARC21/slim http://www.loc.gov/standards/marcxml/schema/MARC21slim.xsd"
    xmlns="http://www.loc.gov/MARC21/slim">

  <leader>00210nam a2200085   4500</leader>
  <controlfield tag="001">1258980</controlfield>
  <controlfield tag="005">20260409132826.0</controlfield>
  <datafield tag="245" ind1=" " ind2=" ">
    <subfield code="a">&#x15E;EK&#x130;LL&#x130; F&#x130;Z&#x130;K S&#xD6;ZL&#xDC;&#x11E;&#xDC;</subfield>
    <subfield code="c">COR&#x130;NNE STOCKLEY</subfield>
  </datafield>
  <datafield tag="260" ind1=" " ind2=" ">
    <subfield code="b">T&#xDC;B&#x130;TAK YAYINLARI</subfield>
  </datafield>
  <datafield tag="999" ind1=" " ind2=" ">
    <subfield code="c">1258980</subfield>
    <subfield code="d">1258980</subfield>
  </datafield>
  <datafield tag="952" ind1=" " ind2=" ">
    <subfield code="0">0</subfield>
    <subfield code="1">0</subfield>
    <subfield code="2">ddc</subfield>
    <subfield code="4">0</subfield>
    <subfield code="7">0</subfield>
    <subfield code="a">1053</subfield>
    <subfield code="b">1053</subfield>
    <subfield code="d">2026-04-09</subfield>
    <subfield code="l">0</subfield>
    <subfield code="o">L</subfield>
    <subfield code="p">10534934</subfield>
    <subfield code="r">2026-04-09 13:29:23</subfield>
    <subfield code="w">2026-04-09</subfield>
    <subfield code="y">BK</subfield>
  </datafield>
</record>
